000 00445nam a2200133Ia 4500
008 220216s9999 xx 000 0 und d
100 _aMurong Chen
245 0 _aCausative agents of Hevea brown bast and witches broom and their relationship
260 _bIn:IRRDB TDP workshop 26-28 July,1994 South China academy of tropical crops Hainan,China
_c1994
700 _aDaquan Luo
700 _aQingchun Huang
700 _aShabing Ye
942 _cJS
999 _c55233
_d55233